| 000 | 00519nam a22001697a 4500 | ||
|---|---|---|---|
| 005 | 20251108172252.0 | ||
| 008 | 250721s1989 xx 000 0 ara d | ||
| 082 | 1 | 4 | _aط/388/حام |
| 100 | 1 | _aالمحلاوي، حامد | |
| 245 | 1 | 0 | _aالنقل البري / |
| 264 | 1 |
_aبغداد : _bوزارة الثقافة و الإعلام - دار ثقافة الأطفال، _c1989. |
|
| 300 | _a31ص | ||
| 490 | 0 | _aسلسلة الكتاب العلمي | |
| 650 | 1 | 7 | _aالنقل |
| 942 |
_2ddc _cBK |
||
| 999 |
_c74699 _d74699 |
||